000 00993nam a2200301Ia 4500
001 Z_432
003 CHAP
008 220113s1978 xx 000 0 und d
010 _a163408
040 _cCHAP
090 _aTesis G 83
100 _aGonzález Alcorta, Mariano Jesús
_948660
245 _aEfecto de la sustitución de la proteína de sorgo con proteína de trigo sarraceno (Fagopyrum esculentum) en dietas para gallinas en postura /
_cpor Mariano Jesús González Alcorta
260 _aChapingo, Méx. :
_bEl autor,
_c1978
300 _a29 h.
502 _aTesis (Ing. Agrónomo Esp. en Zootecnia) -- ENA. Departamento de Zootecnia
650 _aAlforfón
_93946
650 _aAves de corral
_xNutrición
_98672
650 _aProteínas en nutrición de aves de corral
_992455
650 _aSorgo como forraje
_9108743
650 _aTrigo como forraje
_9115135
901 _aTESIS G 83
902 _aM
910 _a1978
942 _c2
942 _c2
999 _c163408
_d163408